Central Library OPAC University of Rajshahi

ফেরদৌসী / (Record no. 48754)

MARC details
000 -LEADER
fixed length control field 00765nam a2200241 a 4500
001 - CONTROL NUMBER
control field 48754
003 - CONTROL NUMBER IDENTIFIER
rucl marc code BD-RjUL
005 - DATE AND TIME OF LATEST TRANSACTION
control field 20211209054559.0
008 - FIXED-LENGTH DATA ELEMENTS--GENERAL INFORMATION
fixed length control field 160816s1964 ben||||| |||| 00| 0 eng d
020 ## - INTERNATIONAL STANDARD BOOK NUMBER
Terms of availability :Tk.2.25
035 ## - SYSTEM CONTROL NUMBER
System control number (BD-RjUL)48873
040 ## - CATALOGING SOURCE
Original cataloging agency BD-RjUL
Language of cataloging ben
Transcribing agency BD-RjUL
041 ## - LANGUAGE CODE
Language code of text/sound track or separate title ben
082 ## - DEWEY DECIMAL CLASSIFICATION NUMBER
Edition number 23
Classification number 891.442
Author mark and year HAF 1964
100 1# - MAIN ENTRY--PERSONAL NAME
Personal name হক, আবদুল
9 (RLIN) 147075
245 10 - TITLE STATEMENT
Title ফেরদৌসী /
Statement of responsibility, etc. আবদুল হক.
250 ## - EDITION STATEMENT
Edition statement ১ম সং.
260 ## - PUBLICATION, DISTRIBUTION, ETC. (IMPRINT)
Place of publication, distribution, etc. ঢাকা :
Name of publisher, distributor, etc. বাংলা একাডেমী,
Date of publication, distribution, etc. ১৯৬৪.
300 ## - PHYSICAL DESCRIPTION
Pagination ১০২ পৃ ;
Size ২২সেমি
650 ## - SUBJECT ADDED ENTRY--TOPICAL TERM
Topical term or geographic name as entry element বাংলা সাহিত্য
Form subdivision নাটক
9 (RLIN) 147076
Topical term or geographic name as entry element Bangali Literature
Form subdivision Drama
9 (RLIN) 147077
942 ## - ADDED ENTRY ELEMENTS (KOHA)
Source of classification or shelving scheme Dewey Decimal Classification
Koha item type Books
Holdings
Lost status Source of classification or shelving scheme Damaged status Not for loan Collection code Permanent Location Current Location Shelving location Date acquired Source of acquisition Cost, normal purchase price Total Checkouts Full call number Date last seen Copy number Koha item type
  Dewey Decimal Classification     Non-fiction Central Library, University of Rajshahi Central Library, University of Rajshahi   10/02/1965 Author 2.25   B 891.442 HAF 1964 16/08/2016 C-2 Books
  Dewey Decimal Classification     Non-fiction Central Library, University of Rajshahi Central Library, University of Rajshahi   07/02/1967 Nowrage Kitabistan, Dhaka 2.25   B 891.442 HAF 1964 17/08/2016 C-3 Books
  Dewey Decimal Classification     Non-fiction Central Library, University of Rajshahi Central Library, University of Rajshahi   06/07/1968 Nowrage Kitabistan, Dhaka 2.25   B 891.442 HAF 1964 17/08/2016 C-4 Books
  Dewey Decimal Classification     Non-fiction Central Library, University of Rajshahi Central Library, University of Rajshahi   25/06/1970 N/A 0.00   B 891.442 HAF 1964 27/11/2016 C-5 Books
  Dewey Decimal Classification     Non-fiction Central Library, University of Rajshahi Central Library, University of Rajshahi   07/02/1967 Nowroze kitobistan, Dhaka 2.25   B 891.442 HAF 1964 28/11/2016 C-6 Books
  Dewey Decimal Classification     Non-fiction Central Library, University of Rajshahi Central Library, University of Rajshahi   06/07/1958 Nawroge kitabstan, Dhaka 2.25   B 891.442 HAF 1964 29/11/2016 C-7 Books
  Dewey Decimal Classification   Not For Loan Non-fiction Central Library, University of Rajshahi Central Library, University of Rajshahi Reading Room 25/06/1970 Nowroze kitobistan, Dhaka 2.25   B 891.442 HAF 1964 13/05/2024 C-1 Books